000 00386 a2200133 4500
000 nam a22 7a 4500
100 _aSharma, Kalpana
110 _aSharma, Kalpana
245 _aResearch in Ancient History: Methods and Areas
250 _aLatest edition
260 _bSwastik Publishers & Distributors
_c2025
264 _bSwastik Publishers & Distributors
_c2025
942 _cBK
999 _c394948
_d394948